000
00298nam a22001337a 4500
008
181207b xxu||||| |||| 00| 0 eng d
020
_a
9781609136482
041
_a
eng
080
_a
610.073
100
_a
3
101
_a
shm
245
_a
Medical Surgical Nursing
_c
Williams.w
942
_2
udc
_c
BK
999
_c
53083
_d
53083